[Event "Titled Tuesday intern op 26th May"]
[Site "Chess.com INT"]
[Date "2020.05.26"]
[Round "5"]
[White "Hristodorescu, Daniel"]
[Black "Patil, Pratik"]
[Result "0-1"]
[WhiteElo "2211"]
[BlackElo "2226"]
[PlyCount "128"]
[EventDate "2020.05.26"]
[EventType "swiss (blitz)"]
[EventRounds "10"]
[EventCountry "USA"]
[SourceTitle "CBM 196 Extra"]
[Source "ChessBase"]
[SourceDate "2020.07.31"]
[SourceVersion "1"]
[SourceVersionDate "2020.07.31"]
[SourceQuality "1"]

1. e4 e5 2. Nf3 Nc6 3. Bb5 a6 4. Ba4 Nf6 5. 0-0 Be7 6. Re1 b5 7. Bb3 d6 8. c3 0-0 9. h3 Nb8 10. d4 Nbd7 11. Nbd2 Bb7 12. Bc2 Re8 13. Nf1 Bf8 14. Ng3 g6 15. a4 c6 16. axb5 axb5 17. Rxa8 Qxa8 18. dxe5 Nxe5 19. Nxe5 dxe5 20. Bg5 Bg7 21. Qf3 Qd8 22. Rd1 Qe7 23. h4 h6 24. Be3 Bc8 25. Qe2 Ng4 26. h5 Qh4 27. hxg6 fxg6 28. Nf1 Be6 29. f3 Nxe3 30. Qxe3 Rd8 31. Rxd8+ Qxd8 32. Nd2 Kh7 33. Bb3 Bc8 34. Nf1 Bf6 35. Qa7+ Qe7 36. Qb8 Qd7 37. Nh2 h5 38. Nf1 Be7 39. Qxe5 Bd6 40. Qd4 Qe7 41. Qd2 Bc5+ 42. Kh1 Qh4+ 43. Nh2 Bf2 44. g4 hxg4 45. fxg4 Bxg4 46. Qf4 Bg3 47. Qf7+ Kh6 48. Qf8+ Kh5 49. Qh8+ Kg5 50. Qd8+ Kf4 51. Qd6+ Ke3 52. Qd4+ Kf4 53. Qd6+ Ke3 54. Qd4+ Ke2 55. Qd1+ Kf2 56. Qg1+ Ke2 57. Bd1+ Kd2 58. Qd4+ Kc1 59. Qe3+ Kxd1 60. Qd3+ Kc1 61. Qe3+ Kc2 62. Qg1 Bf3+ 63. Qg2+ Bxg2+ 64. Kxg2 Qxh2+ 0-1

[Event "Titled Tuesday intern op 26th May"]
[Site "Chess.com INT"]
[Date "2020.05.26"]
[Round "2"]
[White "Lopez Idarraga, Daniel Eduardo"]
[Black "Patil, Pratik"]
[Result "0-1"]
[WhiteElo "2009"]
[BlackElo "2226"]
[PlyCount "80"]
[EventDate "2020.05.26"]
[EventType "swiss (blitz)"]
[EventRounds "10"]
[EventCountry "USA"]
[SourceTitle "CBM 196 Extra"]
[Source "ChessBase"]
[SourceDate "2020.07.31"]
[SourceVersion "1"]
[SourceVersionDate "2020.07.31"]
[SourceQuality "1"]

1. e4 c5 2. Nf3 e6 3. d4 cxd4 4. Nxd4 a6 5. Nc3 b5 6. g3 Bb7 7. Bg2 d6 8. 0-0 Nd7 9. Re1 Qc7 10. a4 b4 11. Na2 a5 12. c3 bxc3 13. Nxc3 Ngf6 14. Ndb5 Qb8 15. Bf4 e5 16. Bg5 Be7 17. Rc1 0-0 18. Qd2 h6 19. Bxf6 Nxf6 20. Red1 Rd8 21. Kh1 Ra6 22. f3 Rc6 23. Nd5 Nxd5 24. exd5 Rxc1 25. Rxc1 Bg5 26. f4 exf4 27. gxf4 Bf6 28. Qxa5 Rc8 29. Rxc8+ Qxc8 30. Qc7 Qa8 31. Qc4 Qa5 32. Nxd6 Ba6 33. Nb5 Bb7 34. h3 Qe1+ 35. Qf1 Qd2 36. d6 Bxg2+ 37. Qxg2 Qc1+ 38. Kh2 Qxf4+ 39. Kh1 Qc1+ 40. Kh2 Be5+ 0-1

[Event "Titled Tuesday intern op 14th April"]
[Site "Chess.com INT"]
[Date "2020.04.14"]
[Round "1"]
[White "Patil, Pratik"]
[Black "Moradiabadi, Elshan"]
[Result "1-0"]
[WhiteElo "2226"]
[BlackElo "2555"]
[PlyCount "107"]
[EventDate "2020.04.14"]
[EventType "swiss (blitz)"]
[EventRounds "10"]
[EventCountry "USA"]
[SourceTitle "EXT 2021"]
[Source "ChessBase"]
[SourceDate "2020.10.23"]
[SourceVersion "1"]
[SourceVersionDate "2020.10.23"]
[SourceQuality "1"]

1. e4 e6 2. d4 d5 3. Nd2 c5 4. exd5 Qxd5 5. Ngf3 cxd4 6. Bc4 Qd8 7. 0-0 Nc6 8. Nb3 a6 9. Nbxd4 Nxd4 10. Nxd4 Qc7 11. Bb3 Bd6 12. Re1 Ne7 13. h3 0-0 14. c3 e5 15. Nf3 Bf5 16. Be3 Rad8 17. Qe2 Ng6 18. Rad1 h6 19. Qc4 Qe7 20. Bb6 Rc8 21. Qd5 Bb8 22. Nd4 Bxh3 23. gxh3 Nf4 24. Qf3 Qf6 25. Ne2 e4 26. Qe3 Qg5+ 27. Ng3 Nxh3+ 28. Kf1 Bf4 29. Qxe4 Qb5+ 30. Kg2 Qxb6 31. Kxh3 Qxf2 32. Rg1 Bxg3 33. Rxg3 Rc5 34. Qg6 Rg5 35. Rxg5 hxg5 36. Qe4 Rc8 37. Rd7 Rf8 38. Rd1 Rc8 39. Bc2 g6 40. Bb3 Kg7 41. Qd4+ Qxd4 42. cxd4 Rc7 43. d5 f5 44. d6 Rd7 45. Be6 Rd8 46. d7 Kf6 47. Re1 g4+ 48. Kg3 g5 49. Re2 Rh8 50. Bd5 Rd8 51. Re6+ Kg7 52. Rd6 Kf8 53. Be6 Ke7 54. Rb6 1-0

[Event "Mumbai Wealth op 5th"]
[Site "Mumbai"]
[Date "2020.01.02"]
[Round "4"]
[White "Patil, Pratik"]
[Black "Manik, Mikulas"]
[Result "0-1"]
[WhiteElo "2167"]
[BlackElo "2379"]
[PlyCount "68"]
[EventDate "2019.12.30"]
[EventType "swiss"]
[EventRounds "9"]
[EventCountry "IND"]
[SourceTitle "CBM 194 Extra"]
[Source "ChessBase"]
[SourceDate "2020.03.31"]
[SourceVersion "1"]
[SourceVersionDate "2020.03.31"]
[SourceQuality "1"]

1. e4 c5 2. c3 Nf6 3. e5 Nd5 4. d4 cxd4 5. Nf3 Nc6 6. cxd4 g6 7. Bc4 Nb6 8. Bb3 Bg7 9. 0-0 0-0 10. Bf4 d6 11. exd6 Bg4 12. dxe7 Qxe7 13. Nbd2 Nxd4 14. Re1 Qd8 15. h3 Nxb3 16. Qxb3 Be6 17. Qa3 Re8 18. Bd6 Bd5 19. Rxe8+ Qxe8 20. Re1 Qb5 21. Be5 Bf8 22. Qe3 Re8 23. Qf4 Bxf3 24. Nxf3 Nd5 25. Qd4 Nb4 26. Qh4 Nd3 27. Bc3 Rxe1+ 28. Nxe1 Nc1 29. Bf6 Qe2 30. Bc3 Nxa2 31. Qd4 Nxc3 32. Qxc3 Bd6 33. g3 Be5 34. Qa5 b6 0-1

[Event "IND-ch 57th"]
[Site "Majitar"]
[Date "2019.12.13"]
[Round "5"]
[White "Patil, Pratik"]
[Black "Himanshu, Sharma"]
[Result "1-0"]
[WhiteElo "2167"]
[BlackElo "2392"]
[PlyCount "157"]
[EventDate "2019.12.10"]
[EventType "swiss"]
[EventRounds "11"]
[EventCountry "IND"]
[SourceTitle "CBM 193 Extra"]
[Source "ChessBase"]
[SourceDate "2020.01.31"]
[SourceVersion "1"]
[SourceVersionDate "2020.01.31"]
[SourceQuality "1"]

1. e4 c5 2. Nf3 Nc6 3. d4 cxd4 4. Nxd4 e6 5. Nc3 Qc7 6. g3 a6 7. Bg2 Nf6 8. 0-0 d6 9. Re1 Bd7 10. Nxc6 bxc6 11. Qe2 e5 12. a4 a5 13. b3 Be7 14. Ba3 0-0 15. Rad1 Bg4 16. Bf3 Bxf3 17. Qxf3 Rad8 18. Rd3 g6 19. Red1 Ne8 20. Qe3 f5 21. f4 exf4 22. Qxf4 fxe4 23. Qxe4 Ng7 24. Qc4+ Kh8 25. Nb5 Qb6+ 26. Qd4 Qxd4+ 27. Nxd4 Rc8 28. Re1 Rf7 29. Rf3 Kg8 30. Kg2 Rxf3 31. Nxf3 Kf7 32. Nd2 Nf5 33. Nc4 c5 34. Nxa5 d5 35. g4 Nd4 36. c3 Nc2 37. Rf1+ Ke6 38. Bc1 Kd7 39. Rf7 Rf8 40. Rxf8 Bxf8 41. Kf3 Kc7 42. Ke2 Kb6 43. Kd1 Na1 44. Bb2 Kxa5 45. Bxa1 c4 46. Kc2 h5 47. h3 hxg4 48. hxg4 Be7 49. Bb2 Bd6 50. Bc1 Be5 51. Bg5 cxb3+ 52. Kxb3 Kb6 53. Be3+ Kc6 54. Kc2 Kb7 55. Bc5 Ka6 56. Bb4 Kb6 57. Kd3 Kc6 58. c4 Bf6 59. a5 Bh4 60. cxd5+ Kxd5 61. a6 Kc6 62. Bc5 Kc7 63. Ke4 Kb8 64. Be3 Ka8 65. Kd5 Bd8 66. Ke6 Kb8 67. Kf7 g5 68. Kg6 Ka8 69. Kf5 Be7 70. Bxg5 Bb4 71. Be3 Be7 72. Bd4 Bd8 73. Bf6 Ba5 74. g5 Bd2 75. g6 Bh6 76. Ke6 Ka7 77. Kf7 Kxa6 78. Be7 Kb7 79. Bf8 1-0

[Event "IND-ch 57th"]
[Site "Majitar"]
[Date "2019.12.11"]
[Round "2"]
[White "Vignesh, NR."]
[Black "Patil, Pratik"]
[Result "1-0"]
[WhiteElo "2475"]
[BlackElo "2167"]
[PlyCount "103"]
[EventDate "2019.12.10"]
[EventType "swiss"]
[EventRounds "11"]
[EventCountry "IND"]
[SourceTitle "CBM 193 Extra"]
[Source "ChessBase"]
[SourceDate "2020.01.31"]
[SourceVersion "1"]
[SourceVersionDate "2020.01.31"]
[SourceQuality "1"]

1. e4 e5 2. Nf3 Nc6 3. Bb5 a6 4. Ba4 Nf6 5. d3 d6 6. h3 Be7 7. c4 0-0 8. Nc3 h6 9. Be3 Be6 10. Qd2 Nh7 11. Bxc6 bxc6 12. d4 exd4 13. Nxd4 Qd7 14. b3 f5 15. 0-0 Ng5 16. Bxg5 Bxg5 17. f4 Bf6 18. Rae1 fxe4 19. Nxe4 Bxd4+ 20. Qxd4 Rae8 21. Kh2 c5 22. Qd2 Bf5 23. Nc3 Qf7 24. g4 Bd7 25. Qd5 Be6 26. Qd3 Bd7 27. Qd5 Be6 28. Qf3 Bd7 29. f5 Rxe1 30. Rxe1 Re8 31. Rxe8+ Qxe8 32. Qe4 Qxe4 33. Nxe4 Bc6 34. Nc3 Kf7 35. Kg3 Bh1 36. Kf4 c6 37. h4 g6 38. fxg6+ Kxg6 39. Ne2 Bg2 40. Ng3 d5 41. Nf5 d4 42. h5+ Kh7 43. Nd6 Kg7 44. Nb7 d3 45. Ke3 Bh3 46. Nxc5 Bxg4 47. Nxa6 Bxh5 48. Nc5 Bg4 49. a4 h5 50. a5 h4 51. Nxd3 Bc8 52. Nc5 1-0

[Event "Gujarat op 2nd"]
[Site "Ahmedabad"]
[Date "2019.09.28"]
[Round "9"]
[White "Patil, Pratik"]
[Black "Saranya, Y."]
[Result "1/2-1/2"]
[WhiteElo "2187"]
[BlackElo "1974"]
[PlyCount "127"]
[EventDate "2019.09.22"]
[EventType "swiss"]
[EventRounds "10"]
[EventCountry "IND"]
[SourceTitle "EXT 2020"]
[Source "ChessBase"]
[SourceDate "2019.10.17"]
[SourceVersion "1"]
[SourceVersionDate "2019.10.17"]
[SourceQuality "1"]

1. e4 c5 2. Nf3 Nc6 3. d4 cxd4 4. Nxd4 g6 5. Nc3 Bg7 6. Be3 Nf6 7. Bc4 Qa5 8. 0-0 0-0 9. Bb3 d6 10. h3 Bd7 11. Re1 Rfc8 12. Qd2 Nxd4 13. Bxd4 Bc6 14. e5 dxe5 15. Rxe5 Qc7 16. Rae1 Re8 17. Qe3 e6 18. Rg5 Nd5 19. Qd2 Bxd4 20. Qxd4 Nxc3 21. Qxc3 Rad8 22. h4 Qf4 23. Qg3 Qf6 24. Qe5 Kg7 25. h5 Qxe5 26. Rgxe5 Rd2 27. hxg6 hxg6 28. R5e2 Rd4 29. f3 Red8 30. Kf2 Bb5 31. Re5 a6 32. Rc5 Rd2+ 33. Kg3 R8d7 34. Rc8 Bc6 35. Re3 Bb5 36. Re1 Bc6 37. Re3 a5 38. a4 R2d4 39. Ra8 b6 40. Rb8 Rb4 41. Rc3 Rd6 42. Kf2 Bxa4 43. Bxa4 Rxa4 44. Rc7 e5 45. Re7 Rd2+ 46. Kg3 Rxc2 47. Rxb6 Rb4 48. Rxb4 axb4 49. Rxe5 Rxb2 50. Rb5 b3 51. Rb6 Rb1 52. Kf4 Kf8 53. Rb7 Ke8 54. Kg5 Rb2 55. Kf6 Rxg2 56. Rb8+ Kd7 57. Rxb3 Kd6 58. Rd3+ Kc5 59. Kxf7 Kc4 60. Ra3 Kd4 61. Kf6 Rg3 62. Rb3 Rg1 63. Ra3 Rg3 64. Rb3 1/2-1/2

[Event "Gujarat op 2nd"]
[Site "Ahmedabad"]
[Date "2019.09.27"]
[Round "8"]
[White "Neelotpal, Das"]
[Black "Patil, Pratik"]
[Result "1-0"]
[WhiteElo "2433"]
[BlackElo "2187"]
[PlyCount "35"]
[EventDate "2019.09.22"]
[EventType "swiss"]
[EventRounds "10"]
[EventCountry "IND"]
[SourceTitle "EXT 2020"]
[Source "ChessBase"]
[SourceDate "2019.10.17"]
[SourceVersion "1"]
[SourceVersionDate "2019.10.17"]
[SourceQuality "1"]

1. e4 c5 2. Nf3 e6 3. d4 cxd4 4. Nxd4 a6 5. Nc3 b5 6. Bd3 Qb6 7. Nb3 Qc7 8. 0-0 Nf6 9. f4 b4 10. Nb1 Bb7 11. Qe2 d6 12. N1d2 Nbd7 13. a3 a5 14. Nd4 Qb6 15. Nc4 Qc5 16. Be3 Qh5 17. Qxh5 Nxh5 18. Nb5 1-0

[Event "Hyderabad op 3rd"]
[Site "Hyderabad"]
[Date "2019.08.25"]
[Round "8"]
[White "Patil, Pratik"]
[Black "Manish, Kumar7777"]
[Result "1-0"]
[WhiteElo "2216"]
[BlackElo "2053"]
[PlyCount "119"]
[EventDate "2019.08.20"]
[EventType "swiss"]
[EventRounds "10"]
[EventCountry "IND"]
[SourceTitle "EXT 2020"]
[Source "ChessBase"]
[SourceDate "2019.10.17"]
[SourceVersion "1"]
[SourceVersionDate "2019.10.17"]
[SourceQuality "1"]

1. e4 e5 2. Nf3 Nc6 3. Bc4 Nf6 4. d3 Be7 5. Nc3 0-0 6. Be3 d6 7. a3 Be6 8. Nd5 Bxd5 9. exd5 Nb8 10. d4 e4 11. Nd2 c6 12. dxc6 bxc6 13. Bb3 Nbd7 14. 0-0 d5 15. c4 Bd6 16. Rc1 Qb8 17. g3 Qb7 18. Qe2 Rfe8 19. Rc2 Rac8 20. Rfc1 h6 21. Ba2 Rcd8 22. b4 Nf8 23. Nb3 Qd7 24. Na5 Ng6 25. Kg2 Bb8 26. cxd5 cxd5 27. Nc6 Rc8 28. Nxb8 Rxb8 29. Rc7 Qa4 30. R1c3 Nf8 31. Bb3 Qxa3 32. Bxd5 Nxd5 33. Rxa3 Nxc7 34. Rxa7 Nfe6 35. Qg4 Nd5 36. Qh5 Nec7 37. Bf4 Nxf4+ 38. gxf4 g6 39. Qxh6 Nd5 40. Qg5 Rbd8 41. Ra3 Rd7 42. Rh3 f6 43. Qh4 Rg7 44. b5 Kf7 45. b6 Nxb6 46. Rb3 Re6 47. Qh8 Rg8 48. Qh7+ Rg7 49. Qh3 Nd5 50. Rb7+ Re7 51. Qb3 Rxb7 52. Qxb7+ Ne7 53. d5 g5 54. d6 gxf4+ 55. Kf1 Ke8 56. Qxe4 f5 57. Qe5 Rf7 58. Qb5+ Kd8 59. dxe7+ Kxe7 60. Qe5+ 1-0

[Event "Madurai Athens of the East op 1st"]
[Site "Madurai"]
[Date "2019.08.16"]
[Round "8"]
[White "Mohamed, Anees M"]
[Black "Patil, Pratik"]
[Result "0-1"]
[WhiteElo "1910"]
[BlackElo "2216"]
[PlyCount "62"]
[EventDate "2019.08.11"]
[EventType "swiss"]
[EventRounds "10"]
[EventCountry "IND"]
[SourceTitle "CBM 191 Extra"]
[Source "ChessBase"]
[SourceDate "2019.09.30"]
[SourceVersion "1"]
[SourceVersionDate "2019.09.30"]
[SourceQuality "1"]

1. d4 Nf6 2. c4 g6 3. Nc3 d5 4. Nf3 Bg7 5. Qb3 dxc4 6. Qxc4 0-0 7. e4 Na6 8. Be2 c5 9. d5 e6 10. 0-0 exd5 11. exd5 Re8 12. Rd1 Bf5 13. Bf4 Ne4 14. Be3 Nxc3 15. bxc3 Bc2 16. Rdc1 Re4 17. Qb5 Bxc3 18. Rxc2 Bxa1 19. Qxb7 Nb4 20. Rxc5 Rb8 21. Qxa7 Nxd5 22. Rc1 Nxe3 23. fxe3 Bf6 24. Bc4 Rxc4 25. Rxc4 Qd1+ 26. Kf2 Rb2+ 27. Kg3 Qf1 28. Rc8+ Kg7 29. h4 Rxg2+ 30. Kf4 h5 31. e4 Qe2 0-1

[Event "Bhubaneswar op 12th"]
[Site "Bhubaneswar"]
[Date "2019.06.03"]
[Round "5"]
[White "Rakesh, Kumar Jena"]
[Black "Patil, Pratik"]
[Result "1/2-1/2"]
[WhiteElo "2411"]
[BlackElo "2184"]
[PlyCount "51"]
[EventDate "2019.05.31"]
[EventType "swiss"]
[EventRounds "10"]
[EventCountry "IND"]
[SourceTitle "CBM 190 Extra"]
[Source "ChessBase"]
[SourceDate "2019.07.15"]
[SourceVersion "1"]
[SourceVersionDate "2019.07.15"]
[SourceQuality "1"]

1. d4 Nf6 2. Bf4 g6 3. Nc3 d5 4. e3 Bg7 5. Nf3 0-0 6. Be2 c6 7. Ne5 Nbd7 8. h4 Nxe5 9. Bxe5 Ne4 10. Nxe4 Bxe5 11. Nc3 Bg7 12. f4 e5 13. Qd2 exd4 14. exd4 Re8 15. 0-0-0 Bf5 16. Bf3 h5 17. Ne2 Qd7 18. Kb1 Re7 19. Rdf1 Rae8 20. Ng3 Re3 21. Nxf5 Qxf5 22. g3 Qf6 23. c3 Qf5+ 24. Qc2 Qxc2+ 25. Kxc2 f5 26. Kb1 1/2-1/2

[Event "Bhubaneswar op 12th"]
[Site "Bhubaneswar"]
[Date "2019.06.02"]
[Round "4"]
[White "Patil, Pratik"]
[Black "Rahman, Ziaur"]
[Result "1/2-1/2"]
[WhiteElo "2184"]
[BlackElo "2485"]
[PlyCount "62"]
[EventDate "2019.05.31"]
[EventType "swiss"]
[EventRounds "10"]
[EventCountry "IND"]
[SourceTitle "CBM 190 Extra"]
[Source "ChessBase"]
[SourceDate "2019.07.15"]
[SourceVersion "1"]
[SourceVersionDate "2019.07.15"]
[SourceQuality "1"]

1. e4 g6 2. d4 Bg7 3. Nc3 d6 4. Nf3 Nf6 5. h3 0-0 6. Be3 a6 7. a4 b6 8. Bd3 Bb7 9. 0-0 Nbd7 10. Re1 e5 11. Qd2 exd4 12. Nxd4 Nc5 13. Bh6 Re8 14. Bxg7 Kxg7 15. f3 d5 16. exd5 Rxe1+ 17. Rxe1 Nxd5 18. Bc4 Nxc3 19. Qxc3 Kg8 20. Re5 Qf6 21. Qe3 Rd8 22. c3 Rf8 23. Re7 Bc8 24. Rxf7 Rxf7 25. Qe8+ Kg7 26. Bxf7 Qxf7 27. Qxc8 Qf4 28. Ne6+ Nxe6 29. Qxe6 Qc1+ 30. Kh2 Qf4+ 31. Kg1 Qc1+ 1/2-1/2

[Event "India rating op"]
[Site "India"]
[Date "2019.02.03"]
[Round "5"]
[White "Mehar, Chinna Reddy CH"]
[Black "Patil, Pratik"]
[Result "1-0"]
[WhiteElo "2321"]
[BlackElo "2259"]
[PlyCount "99"]
[EventDate "2019.02.03"]
[EventType "swiss"]
[EventRounds "11"]
[EventCountry "IND"]
[SourceTitle "EXT 2021"]
[Source "ChessBase"]
[SourceDate "2020.10.23"]
[SourceVersion "1"]
[SourceVersionDate "2020.10.23"]
[SourceQuality "1"]

1. d4 Nf6 2. Bf4 g6 3. Nc3 d5 4. e3 Bg7 5. h4 0-0 6. h5 c5 7. hxg6 hxg6 8. Nf3 Nc6 9. dxc5 Qa5 10. Qd2 Qxc5 11. Bh6 Ne4 12. Nxe4 dxe4 13. Bxg7 Kxg7 14. Nd4 Rd8 15. Qc3 Qxc3+ 16. bxc3 Ne5 17. Rb1 b6 18. Be2 Bb7 19. a4 Rdc8 20. a5 Nd7 21. c4 Ba6 22. Nb5 bxa5 23. Nc3 Bxc4 24. Nxe4 Bxe2 25. Kxe2 Rxc2+ 26. Kd3 Rac8 27. f4 Rxg2 28. Rb5 a4 29. Ra5 f5 30. Ng5 Nc5+ 31. Rxc5 Rxc5 32. Ne6+ Kf6 33. Nxc5 a3 34. Ra1 a2 35. Na6 Rb2 36. Kc3 Re2 37. Kd3 Rb2 38. Nc7 e5 39. Nd5+ Ke6 40. Nc3 exf4 41. exf4 Kf6 42. Nxa2 Rb3+ 43. Nc3 g5 44. Ra6+ Kg7 45. fxg5 Rb4 46. Nd5 Rg4 47. Rxa7+ Kg6 48. Ne3 Rg1 49. Ke2 Kxg5 50. Rg7+ 1-0

[Event "Mumbai Wealth op 4th"]
[Site "Mumbai"]
[Date "2019.01.07"]
[Round "9"]
[White "Balasubramaniam, H."]
[Black "Patil, Pratik"]
[Result "1/2-1/2"]
[WhiteElo "2270"]
[BlackElo "2178"]
[PlyCount "82"]
[EventDate "2018.12.30"]
[EventType "swiss"]
[EventRounds "9"]
[EventCountry "IND"]
[SourceTitle "CBM 188 Extra"]
[Source "ChessBase"]
[SourceDate "2019.02.26"]
[SourceVersion "1"]
[SourceVersionDate "2019.02.26"]
[SourceQuality "1"]

1. d4 Nf6 2. Bg5 d5 3. e3 g6 4. Bxf6 exf6 5. c4 dxc4 6. Bxc4 Bg7 7. Ne2 0-0 8. Nbc3 f5 9. 0-0 c6 10. Nf4 Nd7 11. Rc1 Nf6 12. a4 Qe7 13. Qe2 Kh8 14. Rfd1 Be6 15. b3 Rad8 16. a5 Bc8 17. Qa2 g5 18. Nfe2 Ne4 19. a6 Nxc3 20. Nxc3 b5 21. Bf1 f4 22. Re1 fxe3 23. fxe3 f5 24. Kh1 Qb4 25. Qc2 Bxa6 26. Na2 Qd6 27. Qxc6 Qxc6 28. Rxc6 Bb7 29. Rc7 Bd5 30. Rxa7 Bxb3 31. Bxb5 f4 32. Nc1 Bg8 33. exf4 Bxd4 34. Rd7 Rxd7 35. Bxd7 Rxf4 36. Nd3 Rf8 37. h3 Bc4 38. Rd1 Bxd3 39. Rxd3 Be5 40. Rd1 Rd8 41. Bg4 Rxd1+ 1/2-1/2

[Event "Mumbai Wealth op 4th"]
[Site "Mumbai"]
[Date "2019.01.05"]
[Round "7"]
[White "Patil, Pratik"]
[Black "Kathmale, Sameer"]
[Result "1-0"]
[WhiteElo "2178"]
[BlackElo "2312"]
[PlyCount "123"]
[EventDate "2018.12.30"]
[EventType "swiss"]
[EventRounds "9"]
[EventCountry "IND"]
[SourceTitle "CBM 188 Extra"]
[Source "ChessBase"]
[SourceDate "2019.02.26"]
[SourceVersion "1"]
[SourceVersionDate "2019.02.26"]
[SourceQuality "1"]

1. e4 c6 2. d4 d5 3. Nd2 dxe4 4. Nxe4 Nf6 5. Nxf6+ exf6 6. c3 Bd6 7. Bd3 0-0 8. Qc2 Re8+ 9. Be3 h5 10. Ne2 Nd7 11. 0-0-0 Nf8 12. Kb1 Be6 13. h3 b5 14. g4 h4 15. Be4 Bd5 16. Bd3 Be6 17. Be4 Bd5 18. Bxd5 cxd5 19. Qb3 b4 20. Qxd5 bxc3 21. Nxc3 Rb8 22. Rd2 Qb6 23. Rc2 Ba3 24. Na4 Qa6 25. Nc5 Qa5 26. Qc4 Rec8 27. Qd3 Ne6 28. Nb3 Rxc2 29. Qxc2 Qd5 30. Rc1 Bd6 31. Qc6 Rb5 32. Qxd5 Rxd5 33. Rc6 a5 34. Nxa5 Bf4 35. Nc4 Bxe3 36. fxe3 Ng5 37. Rd6 Rxd6 38. Nxd6 Nxh3 39. Nf5 Nf2 40. Nxh4 Nxg4 41. Ng2 Kf8 42. Kc2 f5 43. Kd3 g5 44. a4 Ke7 45. b4 Nf2+ 46. Kc4 Kd6 47. a5 Kc7 48. Kd5 Kb7 49. Ke5 f4 50. exf4 Nd3+ 51. Ke4 Nxb4 52. fxg5 Nc6 53. d5 Nxa5 54. Ke5 Nc4+ 55. Kf6 Nd6 56. Ke7 Ne4 57. d6 Nxg5 58. d7 Ne6 59. Nf4 Nd4 60. Ke8 Nc6 61. Nd5 f5 62. Ne7 1-0

[Event "BAN-chT"]
[Site "Dhaka"]
[Date "2018.12.07"]
[Round "2.1"]
[White "Das, Arghyadip"]
[Black "Patil, Pratik"]
[Result "1-0"]
[WhiteElo "2430"]
[BlackElo "2178"]
[PlyCount "101"]
[EventDate "2018.12.06"]
[EventType "team-tourn"]
[EventRounds "11"]
[EventCountry "BAN"]
[SourceTitle "CBM 187 Extra"]
[Source "ChessBase"]
[SourceDate "2018.11.04"]
[SourceVersion "1"]
[SourceVersionDate "2018.11.04"]
[SourceQuality "1"]
[WhiteTeam "Golden Sporting"]
[BlackTeam "Sheikh Russel"]
[WhiteTeamCountry "BAN"]
[BlackTeamCountry "BAN"]

1. e4 c5 2. Nf3 e6 3. d4 cxd4 4. Nxd4 a6 5. Bd3 Bc5 6. Nb3 Ba7 7. Qg4 Nf6 8. Qg3 d6 9. Nc3 Nc6 10. 0-0 Ne5 11. Be2 b5 12. Bf4 0-0 13. Rad1 Qe7 14. Rxd6 Ng6 15. Rdd1 Nxf4 16. Qxf4 b4 17. Nb1 e5 18. Qh4 Bb7 19. N1d2 Rac8 20. Bd3 Qc7 21. Ra1 a5 22. a4 Rfd8 23. Rfe1 Nd7 24. Nc4 Nc5 25. Nxc5 Bxc5 26. Rad1 Rd7 27. Qg3 f6 28. b3 Rcd8 29. Kh1 Ba6 30. Nb2 Bxd3 31. Rxd3 Rxd3 32. Nxd3 Bd4 33. Re2 Qc3 34. h4 Rd6 35. Kh2 Qc7 36. Qg4 Rc6 37. Ne1 h6 38. h5 Qb6 39. Qf5 Qc7 40. g3 Bc3 41. Nf3 Bb2 42. Nh4 Rxc2 43. Qe6+ Kh7 44. Qf5+ Kg8 45. Qe6+ Kh7 46. Rxc2 Qxc2 47. Qf5+ Kg8 48. Ng6 Bd4 49. Kh3 Bxf2 50. Qe6+ Kh7 51. Qe8 1-0